Statistiques concernant Partis et coalitions avec des députés suite aux législatives 2022

Cliquez ici pour prendre le quiz!

Statistiques générales

  • Ce quiz a été pris 105 fois
  • Le résultat moyen est 7 sur 12

Statistiques - réponses

Nombre de députésPartis ou Coalitions% Correct
152Nouvelle Union Populaire écologique et sociale
99%
91Rassemblement National
98%
69Union de la droite et du centre
98%
1Union de la droite et du centre dissidents
98%
249Ensemble
87%
4Nouvelle Union Populaire écologique et sociale dissidents
86%
2Ensemble dissidents
84%
1Union pour la France
37%
5Sans étiquettes
24%
1Parti radical de gauche
16%
1Ligue du sud
6%
3Régions et Peuples Solidaires
5%

Distribution des résultats

Percentile par nombre de réponses

% des personnes avec chaque résultat

Votre développement - résultats

Vous n’avez pas pris ce quiz